Soul on fire / Affirm Films presents ; a Linda B. ... Read More
Available copies
- 2 of 2 copies available at LARL/NWRL Consortium.
- 2 of 2 copies available at Lake Agassiz Regional Library. (Show preferred library)
Current holds
0 current holds with 2 total copies.
Show Only Available Copies
| Location | Call Number / Copy Notes | Barcode | Shelving Location | Status | Due Date |
|---|---|---|---|---|---|
| Detroit Lakes Public Library | DVD SOU (Text) | 33500014316269 | Main | Available | - |
| Halstad LINK Site | DVD SOU (Text) | 33500014316251 | Main | Available | - |
Record details
- Physical Description: 1 videodisc (approximately 112 min.) : sound, ... Read More
- Publisher: [Culver City, California] : Sony Pictures Home Entertainment, [2025]
- Copyright: ©2025
Content descriptions
| General Note: | Container insert incorrectly lists aspect ratio as 1.85:1; inspection of media confirms correct ... Read More Based on the book On fire by John O'Leary. Originally released as a motion picture in 2025. Wide screen (1.85:1). Special features: The heart of Soul on fire; Becoming John O'Leary; John and Jack Buck; Community ... Read More |
| Creation/Production Credits Note: | Costume designer, Dorothy Faria Amos ; music by ... Read More |
| Participant or Performer Note: | Joel Courtney, John Corbett, Stephanie Szostak, ... Read More |
| Summary, etc.: | "O'Leary's story begins with his miraculous ... Read More |
| Target Audience Note: | MPA Rating: PG; for thematic content including ... Read More |
| System Details Note: | DVD; region 1; anamorphic widescreen (2.39:1); ... Read More |
| Language Note: | English or Spanish dialogue; English, French or ... Read More |
| Source of Description Note: | Title from disc label; credits from title frames. |
Search for related items by subject
| Subject: | O'Leary, John, 1977- > Drama. Burns and scalds > Drama. Conduct of life > Drama. |
| Genre: | Biographical films. Feature films. Fiction films. Film adaptations. Video recordings for the hearing impaired. Video recordings for people with visual disabilities. |
| LDR | 06701cgm a2201165 i 4500 | ||
|---|---|---|---|
| 001 | 476463 | ||
| 003 | LARL_NWRL_CONSORTIUM | ||
| 005 | 20251223143918.0 | ||
| 008 | 251119t20252025cau112 vleng d | ||
| 007 | vd cvaizk | ||
| 040 | . | ‡aTEFMT ‡beng ‡erda ‡cTEFMT ‡dTEF ‡dOCLCO ‡dJAS ‡dJBU ‡dOCLCO | |
| 024 | 1 | . | ‡a043396646285 |
| 028 | 4 | 2. | ‡a64628 ‡bSony Pictures Home Entertainment |
| 028 | 4 | 2. | ‡a64628LTT ‡bSony Pictures Home Entertainment ‡q(container) |
| 028 | 4 | 2. | ‡a9877467 ‡bSony Pictures Home Entertainment ‡q(disc) |
| 035 | . | ‡a(OCoLC)1552587362 | |
| 037 | . | ‡bMidwest Tape ‡nhttp://www.midwesttapes.com | |
| 041 | 1 | . | ‡aeng ‡aspa ‡jeng ‡jfre ‡jspa ‡peng ‡qeng ‡heng |
| 043 | . | ‡an-us-mo | |
| 046 | . | ‡k2025 ‡2edtf | |
| 082 | 0 | 4. | ‡a791.43/72 ‡223/eng/20251201 |
| 245 | 0 | 0. | ‡aSoul on fire / ‡cAffirm Films presents ; a Linda B. Huntington, J. Todd Harris, Margaret French Isaac Entertainment, Brookwell McNamara Entertainment production ; a Sean McNamara film ; produced by David Brookwell, Sean McNamara, Margaret French Isaac, J. Todd Harris ; written by Gregory Poirier ; directed by Sean McNamara. |
| 257 | . | ‡aUnited States ‡2naf | |
| 264 | 1. | ‡a[Culver City, California] : ‡bSony Pictures Home Entertainment, ‡c[2025] | |
| 264 | 4. | ‡c©2025 | |
| 300 | . | ‡a1 videodisc (approximately 112 min.) : ‡bsound, color ; ‡c4 3/4 in. | |
| 306 | . | ‡a015200 | |
| 336 | . | ‡atwo-dimensional moving image ‡btdi ‡2rdacontent | |
| 337 | . | ‡avideo ‡bv ‡2rdamedia | |
| 338 | . | ‡avideodisc ‡bvd ‡2rdacarrier | |
| 340 | . | ‡b4 3/4 in. | |
| 340 | . | ‡gpolychrome ‡2rdacc | |
| 341 | 0 | . | ‡aauditory ‡bclosedCaptions ‡2sapdv |
| 341 | 0 | . | ‡avisual ‡daudioDescription ‡2sapdv |
| 344 | . | ‡adigital ‡2rdatr | |
| 344 | . | ‡boptical ‡2rdarm | |
| 344 | . | ‡gsurround ‡2rdacpc | |
| 344 | . | ‡gstereo ‡2rdacpc | |
| 344 | . | ‡hDolby Digital 5.1 | |
| 344 | . | ‡hDolby Digital 2.0 | |
| 344 | . | ‡isound ‡2rdasco | |
| 345 | . | ‡c2.39:1 | |
| 345 | . | ‡dwide screen ‡2rdaar | |
| 347 | . | ‡avideo file ‡2rdaft | |
| 347 | . | ‡bDVD video | |
| 347 | . | ‡eregion 1 ‡2rdare | |
| 380 | . | ‡aMotion pictures ‡2lcgft | |
| 538 | . | ‡aDVD; region 1; anamorphic widescreen (2.39:1); Dolby Digital 5.1, Dolby Digital 2.0 (described video). | |
| 546 | . | ‡aEnglish or Spanish dialogue; English, French or Spanish subtitles; English subtitles for the deaf and hard of hearing (SDH); English described video. | |
| 532 | 1 | . | ‡aEnglish subtitles for the deaf and hard of hearing (SDH) |
| 532 | 1 | . | ‡aEnglish described video |
| 588 | 0 | . | ‡aTitle from disc label; credits from title frames. |
| 500 | . | ‡aContainer insert incorrectly lists aspect ratio as 1.85:1; inspection of media confirms correct aspect ratio is 2.39:1. | |
| 511 | 1 | . | ‡aJoel Courtney, John Corbett, Stephanie Szostak, Masey McLain, James McCracken, DeVon Franklin, William H. Macy. |
| 508 | . | ‡aCostume designer, Dorothy Faria Amos ; music by Mark Isham ; edited by Gregory Hobson ; production designer, Dawn R. Ferry ; director of photography, Bob Hayes. | |
| 500 | . | ‡aBased on the book On fire by John O'Leary. | |
| 500 | . | ‡aOriginally released as a motion picture in 2025. | |
| 500 | . | ‡aWide screen (1.85:1). | |
| 521 | 8 | . | ‡aMPA Rating: PG; for thematic content including burn injuries, some peril and suggestive material. |
| 520 | . | ‡a"O'Leary's story begins with his miraculous recovery from a near-death accident when he was 9 years old. Give no chance of survival, John endures an unbelievable road to recovery with the support of his family, faith, community and the kindness of his all-time idol, Baseball Hall of Fame announcer Jack Buck. Grateful for his miracle and shaped by life's struggles, John's mission to better the world inspires millions to do the extraordinary."-- ‡cContainer. | |
| 500 | . | ‡aSpecial features: The heart of Soul on fire; Becoming John O'Leary; John and Jack Buck; Community impact and everyday heroes; Character spotlights; deleted scenes and more. | |
| 600 | 1 | 0. | ‡aO'Leary, John, ‡d1977- ‡vDrama. |
| 650 | 0. | ‡aBurns and scalds ‡vDrama. | |
| 650 | 0. | ‡aConduct of life ‡vDrama. | |
| 655 | 7. | ‡aBiographical films. ‡2lcgft ‡0(LARL_NWRL_CONSORTIUM)175643 | |
| 655 | 7. | ‡aFeature films. ‡2lcgft ‡0(LARL_NWRL_CONSORTIUM)175625 | |
| 655 | 7. | ‡aFiction films. ‡2lcgft ‡0(LARL_NWRL_CONSORTIUM)175626 | |
| 655 | 7. | ‡aFilm adaptations. ‡2lcgft ‡0(LARL_NWRL_CONSORTIUM)175712 | |
| 655 | 7. | ‡aVideo recordings for the hearing impaired. ‡2lcgft ‡0(LARL_NWRL_CONSORTIUM)175744 | |
| 655 | 7. | ‡aVideo recordings for people with visual disabilities. ‡2lcgft ‡0(LARL_NWRL_CONSORTIUM)175745 | |
| 700 | 1 | . | ‡aMcNamara, Sean, ‡d1963- ‡efilm director, ‡efilm producer. ‡1https://id.oclc.org/worldcat/entity/E39PBJxH4rC8tMT8KdV7hTVV4q ‡0(LARL_NWRL_CONSORTIUM)144736 |
| 700 | 1 | . | ‡aHuntington, Linda B., ‡efilm producer. |
| 700 | 1 | . | ‡aBrookwell, David, ‡d1961- ‡efilm producer. ‡1https://id.oclc.org/worldcat/entity/E39PBJbCVCtT6MKk69Q4qwrTHC |
| 700 | 1 | . | ‡aFrench-Isaac, Margaret, ‡efilm producer. |
| 700 | 1 | . | ‡aHarris, J. Todd, ‡efilm producer. ‡1https://id.oclc.org/worldcat/entity/E39PCjF3QGgwfrc4YwG6mXVcT3 ‡0(LARL_NWRL_CONSORTIUM)205769 |
| 700 | 1 | . | ‡aPoirier, Gregory, ‡escreenwriter. ‡1https://id.oclc.org/worldcat/entity/E39PBJgtcYtXb3xDTkw48TXrv3 ‡0(LARL_NWRL_CONSORTIUM)145454 |
| 700 | 1 | . | ‡aCourtney, Joel, ‡d1996- ‡eactor. ‡1https://id.oclc.org/worldcat/entity/E39PBJv4gXrkPYfjy4jHpBh4MP |
| 700 | 1 | . | ‡aCorbett, John, ‡d1961- ‡eactor. ‡1https://id.oclc.org/worldcat/entity/E39PBJf8tm3MpJMv3cTqTCRxjC ‡0(LARL_NWRL_CONSORTIUM)136521 |
| 700 | 1 | . | ‡aSzostak, Stephanie, ‡eactor. ‡1https://id.oclc.org/worldcat/entity/E39PBJxhmQgckKbJ7TtMvvrrMP |
| 700 | 1 | . | ‡aMcLain, Masey, ‡eactor. ‡1https://id.oclc.org/worldcat/entity/E39PCjMgxtYx8kWdg36Qrx8RVd |
| 700 | 1 | . | ‡aMcCracken, James ‡c(Actor), ‡eactor. |
| 700 | 1 | . | ‡aFranklin, DeVon, ‡eactor. ‡1https://id.oclc.org/worldcat/entity/E39PBJwD6HhTqqvXGQvyGCKrv3 ‡0(LARL_NWRL_CONSORTIUM)224452 |
| 700 | 1 | . | ‡aMacy, William H., ‡d1950- ‡eactor. ‡1https://id.oclc.org/worldcat/entity/E39PBJpv3jB68GwbhJY6QTQQbd ‡0(LARL_NWRL_CONSORTIUM)53129 |
| 700 | 1 | . | ‡aAmos, Dorothy, ‡ecostume designer. ‡1https://id.oclc.org/worldcat/entity/E39PCjtDGXhVPmJ4Kcw6f9rjG3 |
| 700 | 1 | . | ‡aIsham, Mark, ‡ecomposer (expression) ‡0(LARL_NWRL_CONSORTIUM)59017 |
| 700 | 1 | . | ‡aHobson, Gregory, ‡eeditor of moving image work. |
| 700 | 1 | . | ‡aFerry, Dawn R., ‡eproduction designer. |
| 700 | 1 | . | ‡aHayes, Bob ‡c(Cinematographer), ‡edirector of photography. ‡1https://id.oclc.org/worldcat/entity/E39PCjxMJWMJ9P67qCPFkFHRGb |
| 700 | 1 | . | ‡iMotion picture adaptation of (work): ‡aO'Leary, John, ‡d1977- ‡tOn fire. |
| 710 | 2 | . | ‡aAffirm Films, ‡epresenter, ‡epublisher. |
| 710 | 2 | . | ‡aMargaret French Isaac Entertainment (Firm), ‡eproduction company. |
| 710 | 2 | . | ‡aBrookwell McNamara Entertainment (Firm), ‡eproduction company. |
| 730 | 0 | 2. | ‡iContainer of (work): ‡aSoul on fire (Motion picture) |
| 730 | 0 | 2. | ‡iContainer of (expression): ‡aSoul on fire (Motion picture). ‡lSpanish. |
| 901 | . | ‡a476463 ‡bOCoLC ‡c476463 ‡tbiblio ‡soclc | |

Add to basket
Permalink
Enable Highlighting